[Event "FRA-chT 9900"]
[Site "France"]
[Date "2000.04.01"]
[Round "6.2"]
[White "De la Riva Aguado, Oscar"]
[Black "Guigonis, Dominique"]
[Result "1/2-1/2"]
[WhiteElo "2443"]
[BlackElo "2315"]
[PlyCount "77"]
[EventDate "2000.02.04"]
[Source "www.chesslib.no"]
[SourceDate "2004.05.04"]

1. e4 e6 2. d4 d5 3. Nc3 Nf6 4. Bg5 Be7 5. e5 Ne4 6. Bxe7 Qxe7 7. Nxe4 dxe4 8. Qd2 b6 9. Ne2 Bb7 10. Nc3 Nd7 11. Nb5 O-O 12. O-O-O f6 13. Bc4 fxe5 14. Nxc7 Rac8 15. d5 Qc5 16. dxe6 Nf6 17. e7+ Qxc4 18. exf8=Q+ Kxf8 19. Rhe1 Rxc7 20. Kb1 Kf7 21. h3 b5 22. Rc1 b4 23. Red1 a5 24. Qd6 Re7 25. b3 Qc7 26. Qxc7 Rxc7 27. Kb2 Nd5 28. a3 Ke6 29. axb4 axb4 30. Rd2 e3 31. fxe3 Nxe3 32. g3 Nd5 33. Re1 Nc3 34. Rd4 Nd5 35. Rde4 Kd6 36. Rd1 Ke6 37. Rde1 Kd6 38. Rd1 Ke6 39. Rde1 1/2-1/2

[Event "AUT Team Ch"]
[Site "Austria"]
[Date "1991.??.??"]
[Round "?"]
[White "Wittmann, Walter"]
[Black "Roth, Peter"]
[Result "1-0"]
[WhiteElo "2410"]
[BlackElo "2340"]
[PlyCount "47"]
[EventDate "1991.??.??"]
[Source "www.chesslib.no"]
[SourceDate "2004.05.04"]

1. e4 e6 2. d4 d5 3. Nc3 Nf6 4. Bg5 Be7 5. e5 Ne4 6. Bxe7 Qxe7 7. Nxe4 dxe4 8. c3 c5 9. Qg4 cxd4 10. Qxg7 Rf8 11. Ne2 Nc6 12. O-O-O Qc5 13. Nxd4 Qxe5 14. Nxc6 Qf4+ 15. Rd2 bxc6 16. Qd4 f5 17. Qg7 Rf7 18. Qg8+ Rf8 19. Qxh7 Rf7 20. Qg8+ Rf8 21. Qg6+ Ke7 22. Be2 Bd7 23. g3 Qe5 24. Qh7+ 1-0

[Event "Troll Masters"]
[Site "Gausdal"]
[Date "1992.??.??"]
[Round "7"]
[White "Westerinen, Heikki MJ"]
[Black "Groenn, Atle"]
[Result "1/2-1/2"]
[WhiteElo "2430"]
[BlackElo "2310"]
[PlyCount "64"]
[EventDate "1992.01.??"]
[Source "ChessBase"]

1. e4 e6 2. d4 d5 3. Nc3 Nf6 4. Bg5 Be7 5. e5 Ne4 6. Bxe7 Nxc3 7. Qd3 Qxe7 8. Qxc3 O-O 9. f4 b6 10. b4 c5 11. bxc5 bxc5 12. Qxc5 Qxc5 13. dxc5 Ba6 14. Bd3 Rc8 15. Ne2 Rxc5 16. Kd2 Bc4 17. Nd4 Nc6 18. Nb3 Bxb3 19. axb3 Nb4 20. Rhc1 a5 21. Be2 d4 22. Ra4 Rc3 23. Bf3 Ra7 24. Bd1 g6 25. Rca1 Rac7 26. Rxa5 Nxc2 27. Ra8+ Kg7 28. R1a7 Ne3 29. Rxc7 Rxc7 30. Rd8 Rb7 31. Rxd4 Nxd1 32. Kxd1 Rxb3 1/2-1/2

[Event "CRO Team Ch"]
[Site "Tucepi"]
[Date "1996.??.??"]
[Round "?"]
[White "Vujakovic, Branko"]
[Black "Samovojska, Damir"]
[Result "1-0"]
[WhiteElo "2385"]
[BlackElo "2350"]
[PlyCount "67"]
[EventDate "1996.??.??"]
[Source "www.chesslib.no"]
[SourceDate "2004.05.04"]

1. e4 e6 2. d4 d5 3. Nc3 Nf6 4. Bg5 Be7 5. e5 Ne4 6. Bxe7 Nxc3 7. Bxd8 Nxd1 8. Bxc7 Nxb2 9. Rb1 Na4 10. Bb5+ Bd7 11. Bxa4 Bxa4 12. Rxb7 O-O 13. Nf3 Bxc2 14. Kd2 Be4 15. Rc1 Rc8 16. a4 h6 17. a5 a6 18. Ne1 f6 19. exf6 gxf6 20. Rc3 Bf5 21. Nd3 Nd7 22. Bd6 Rxc3 23. Kxc3 Rc8+ 24. Nc5 e5 25. Kd2 Rc6 26. Nxd7 Rxd6 27. Nc5 exd4 28. Rb6 Rd8 29. Rxf6 Bh7 30. Nxa6 d3 31. Nb4 Re8 32. Nxd3 Re4 33. Rf4 Re7 34. a6 1-0

[Event "CRO Team Ch"]
[Site "Makarska"]
[Date "1994.??.??"]
[Round "2"]
[White "Fercec, Nenad"]
[Black "Samovojska, Damir"]
[Result "1/2-1/2"]
[WhiteElo "2385"]
[BlackElo "2340"]
[PlyCount "84"]
[EventDate "1994.??.??"]
[Source "www.chesslib.no"]
[SourceDate "2004.05.04"]

1. e4 e6 2. d4 d5 3. Nc3 Nf6 4. Bg5 Be7 5. e5 Ne4 6. Bxe7 Qxe7 7. Nxe4 dxe4 8. Qe2 b6 9. O-O-O Bb7 10. g3 c5 11. Bg2 Nc6 12. dxc5 Qg5+ 13. Kb1 Qxe5 14. Bxe4 Qxc5 15. f4 Rd8 16. Rxd8+ Nxd8 17. Nf3 O-O 18. Rd1 Bxe4 19. Qxe4 Qc6 20. Qxc6 Nxc6 21. c4 Rd8 22. Rxd8+ Nxd8 23. Kc2 Kf8 24. Kc3 Ke7 25. c5 bxc5 26. Kc4 Kd6 27. Ng5 Kc6 28. Nxh7 Nb7 29. Ng5 Nd6+ 30. Kb3 Kd5 31. Ka4 f6 32. Nf3 e5 33. fxe5 fxe5 34. b3 e4 35. Ng1 Nf5 36. Kb5 Nd4+ 37. Ka6 e3 38. Kxa7 Kc6 39. h4 Nf5 40. Ne2 Nd4 41. Ng1 Nf5 42. Ne2 Nd4 1/2-1/2

[Event "XVIII Open"]
[Site "Pula"]
[Date "2004.06.25"]
[Round "8"]
[White "Pancevski, Filip"]
[Black "Saric, Ibro"]
[Result "1-0"]
[WhiteElo "2311"]
[BlackElo "2413"]
[PlyCount "99"]
[EventDate "2004.06.19"]
[Source "Roberto Alvarez"]
[SourceDate "2004.06.28"]

1. e4 e6 2. d4 d5 3. Nc3 Nf6 4. Bg5 Be7 5. e5 Ne4 6. Nxe4 dxe4 7. Be3 Qd5 8. Ne2 b6 9. a3 Bb7 10. Nc3 Qd7 11. Qg4 Nc6 12. Qxe4 O-O-O 13. O-O-O Kb8 14. Qg4 h5 15. Qe2 f5 16. f3 h4 17. h3 Na5 18. Qe1 a6 19. Bd3 Qc6 20. Qe2 Bxa3 21. Kb1 Bb4 22. Na2 Be7 23. b4 Qa4 24. bxa5 b5 25. c3 Qxa5 26. Bc1 g5 27. Qb2 Rhg8 28. c4 bxc4 29. Bxc4 Ka8 30. Bd2 Qa4 31. Qb3 Bc6 32. Qxa4 Bxa4 33. Bc3 Bxd1 34. Rxd1 Rg6 35. Kc2 c5 36. d5 exd5 37. Bxd5+ Ka7 38. Ba5 Rb8 39. Bf7 Rg7 40. Be6 g4 41. hxg4 fxg4 42. Bxg4 Rb7 43. Nc3 c4 44. Nd5 Bc5 45. e6 Rg5 46. Bc3 a5 47. Bf6 Rg8 48. e7 a4 49. Re1 Rbb8 50. Nc7 1-0

[Event "Rishon Le Ziyyon"]
[Site "Rishon Le Ziyyon"]
[Date "1991.??.??"]
[Round "?"]
[White "Votava, Jan"]
[Black "Webster, Andrew"]
[Result "1-0"]
[WhiteElo "2380"]
[BlackElo "2340"]
[PlyCount "72"]
[EventDate "1991.??.??"]
[Source "www.chesslib.no"]
[SourceDate "2004.05.04"]

1. e4 e6 2. d4 d5 3. Nc3 Nf6 4. Bg5 Be7 5. e5 Ne4 6. Bxe7 Qxe7 7. Bd3 Nxc3 8. bxc3 c5 9. Qg4 f5 10. exf6 Qxf6 11. Nf3 O-O 12. O-O e5 13. Qh5 Bf5 14. Bxf5 Qxf5 15. Qxf5 Rxf5 16. Nxe5 cxd4 17. cxd4 Nc6 18. Nxc6 bxc6 19. Rfe1 Rf4 20. c3 c5 21. dxc5 Rc4 22. Rad1 Rxc5 23. Re5 Rb8 24. g3 Rb2 25. a4 Ra2 26. Rd4 h6 27. Re7 Rxc3 28. Rf4 Rc1+ 29. Kg2 Rcc2 30. Rxa7 d4 31. Rff7 Kh8 32. Rad7 Rd2 33. h4 Rac2 34. h5 Ra2 35. Rd8+ Kh7 36. Rff8 g5 1-0

[Event "Bayernliga 05/06 (Oberliga)"]
[Site "?"]
[Date "2005.11.13"]
[Round "2.1"]
[White "Kraft Volker"]
[Black "Schmidt Georg"]
[Result "1/2-1/2"]
[WhiteElo "2400"]
[BlackElo "2309"]
[PlyCount "198"]
[EventDate "2005.??.??"]
[Source "www.chesslib.no"]
[SourceDate "2004.05.04"]

1. e4 e6 2. d4 d5 3. Nc3 Nf6 4. Bg5 Be7 5. e5 Ne4 6. Bxe7 Qxe7 7. Bd3 Nxc3 8. bxc3 c5 9. Qg4 f5 10. exf6 Qxf6 11. Nf3 O-O 12. O-O Nc6 13. Rae1 c4 14. Be2 Qf5 15. Qxf5 Rxf5 16. Nh4 Rf6 17. f4 Bd7 18. Bg4 Raf8 19. g3 b5 20. a3 a5 21. Nf3 Rb8 22. Re3 b4 23. axb4 axb4 24. cxb4 Rxb4 25. c3 Rb3 26. Rfe1 h6 27. Nd2 Rb2 28. Nf1 Kf7 29. R1e2 Rxe2 30. Rxe2 Ke7 31. h4 Kd6 32. Ra2 g5 33. fxg5 hxg5 34. h5 e5 35. Bxd7 Kxd7 36. dxe5 Nxe5 37. Kg2 Ng4 38. Rd2 Rd6 39. Rd4 Nf6 40. h6 Ke6 41. Nd2 Rd7 42. g4 Kf7 43. Nf3 Re7 44. Nxg5+ Kg6 45. Nh3 Re2+ 46. Kg3 Re3+ 47. Kh4 Kxh6 48. g5+ Kg7 49. gxf6+ Kxf6 50. Rxd5 Rxc3 51. Kg4 Rc1 52. Rc5 Ke6 53. Ng5+ Kd6 54. Ne4+ Ke6 55. Kf4 Rf1+ 56. Ke3 Re1+ 57. Kd4 Rd1+ 58. Kxc4 Rc1+ 59. Nc3 Rh1 60. Kd4 Rh2 61. Ne4 Rh1 62. Rc6+ Kd7 63. Rd6+ Ke7 64. Ra6 Kd7 65. Nf6+ Ke7 66. Ke5 Kf7 67. Ra7+ Kg6 68. Ne4 Rf1 69. Ra6+ Kg7 70. Ng3 Re1+ 71. Kf5 Rg1 72. Nh5+ Kf8 73. Ra7 Rf1+ 74. Nf4 Ke8 75. Ke5 Re1+ 76. Kd6 Rd1+ 77. Nd5 Kf8 78. Rb7 Ke8 79. Re7+ Kf8 80. Ra7 Ke8 81. Ke6 Re1+ 82. Kf5 Rf1+ 83. Nf4 Kd8 84. Rh7 Kc8 85. Ke5 Re1+ 86. Kd6 Rd1+ 87. Nd5 Kb8 88. Rh2 Kb7 89. Rb2+ Ka7 90. Rb3 Rh1 91. Kc5 Rh5 92. Rb1 Ka6 93. Rb6+ Ka7 94. Re6 Rh1 95. Re7+ Kb8 96. Nb4 Rc1+ 97. Kb6 Kc8 98. Nc6 Rb1+ 99. Kc5 Rc1+ 1/2-1/2

[Event "Caorle Open"]
[Site "Caorle ITA"]
[Date "1982.??.??"]
[Round "6"]
[White "Pavicic, Zeljko"]
[Black "Samovojska, Damir"]
[Result "1/2-1/2"]
[WhiteElo "2445"]
[BlackElo "2260"]
[PlyCount "42"]
[EventDate "1982.07.??"]
[Source "www.chesslib.no"]
[SourceDate "2004.05.04"]

1. e4 e6 2. d4 d5 3. Nc3 Nf6 4. Bg5 Be7 5. e5 Ne4 6. Bxe7 Qxe7 7. Nxe4 dxe4 8. Qe2 b6 9. O-O-O Bb7 10. g3 c5 11. Bg2 Nc6 12. dxc5 Qg5+ 13. Kb1 Qxe5 14. Bxe4 Qxc5 15. Nf3 Rd8 16. Bxc6+ Bxc6 17. Rxd8+ Kxd8 18. Rd1+ Ke7 19. Ne5 Rc8 20. Nxc6+ Qxc6 21. Qd3 h6 1/2-1/2

[Event "Cannes Open"]
[Site "Cannes FRA"]
[Date "1989.??.??"]
[Round "?"]
[White "Birmingham, Eric"]
[Black "Samovojska, Damir"]
[Result "0-1"]
[WhiteElo "2335"]
[BlackElo "2365"]
[PlyCount "114"]
[EventDate "1989.02.??"]
[Source "www.chesslib.no"]
[SourceDate "2004.05.04"]

1. e4 e6 2. d4 d5 3. Nc3 Nf6 4. Bg5 Be7 5. e5 Ne4 6. Bxe7 Qxe7 7. Bd3 Nxc3 8. bxc3 Qa3 9. Qd2 b6 10. Ne2 Ba6 11. O-O Bxd3 12. Qxd3 Qa6 13. Qd2 Nc6 14. a4 O-O-O 15. Rfb1 Qc4 16. a5 Nxa5 17. Rxa5 bxa5 18. Nc1 Kd7 19. Nb3 Rb8 20. Ra1 Rxb3 21. cxb3 Qxb3 22. c4 Rb8 23. h3 Qxc4 24. Qxa5 Qxd4 25. Rc1 Rb6 26. Qxa7 Qxe5 27. Qa4+ c6 28. Qa7+ Qc7 29. Qa3 c5 30. g3 Rc6 31. Rb1 Qc8 32. Qd3 g6 33. Qd2 Rc7 34. Re1 c4 35. Qf4 Ke8 36. Qe5 c3 37. Qxd5 c2 38. Qb5+ Kf8 39. Rc1 Kg8 40. Kh2 Rc5 41. Qb4 h5 42. h4 Rc4 43. Qb3 Qc5 44. Kg1 Kg7 45. Kf1 e5 46. Qd3 Rc3 47. Qe4 Qc4+ 48. Qxc4 Rxc4 49. Ke2 Kf6 50. Kd3 Rc8 51. Ke4 Ke6 52. Ke3 Kd5 53. Kd3 e4+ 54. Kd2 Kd4 55. Rxc2 Rxc2+ 56. Kxc2 e3 57. f3 e2 0-1

[Event "XXIV ECC"]
[Site "Kallithea GRE"]
[Date "2008.10.23"]
[Round "7"]
[White "Starostits, I."]
[Black "Salihu, S."]
[Result "1/2-1/2"]
[WhiteElo "2480"]
[BlackElo "2216"]
[PlyCount "138"]
[EventDate "2008.10.17"]
[Source "www.chesslib.no"]
[SourceDate "2004.05.04"]

1. e4 e6 2. d4 d5 3. Nc3 Nf6 4. Bg5 Be7 5. e5 Ne4 6. Nxe4 Bxg5 7. Nxg5 Qxg5 8. Nf3 Qg6 9. Bd3 Qh6 10. Qe2 O-O 11. h4 Nc6 12. c3 f6 13. exf6 gxf6 14. Rh3 Bd7 15. Qe3 Qxe3+ 16. fxe3 e5 17. Rg3+ Kh8 18. dxe5 fxe5 19. e4 dxe4 20. Bxe4 Rf4 21. O-O-O Bg4 22. Re1 Bxf3 23. Rxf3 Rxf3 24. gxf3 Re8 25. b4 Kg7 26. Kc2 Kf6 27. Rg1 a5 28. b5 Nd8 29. Bxh7 Rh8 30. Rg8 Rxh7 31. Rxd8 Rxh4 32. Rd7 Rc4 33. Kd3 Rc5 34. a4 b6 35. c4 Ke6 36. Rd8 Kf5 37. Rf8+ Ke6 38. Rh8 Kf5 39. Rh4 Kg5 40. Re4 Kf5 41. Ke3 c6 42. Kd3 cxb5 43. axb5 Rc8 44. Rh4 Rd8+ 45. Kc3 Kg5 46. Rh7 Rf8 47. Rg7+ Kf5 48. Rc7 e4 49. fxe4+ Kxe4 50. Re7+ Kf5 51. c5 bxc5 52. Kc4 Kf6 53. Re1 Rc8 54. b6 a4 55. Kb5 a3 56. b7 Rb8 57. Kb6 a2 58. Ra1 Ke5 59. Rxa2 Kd4 60. Kc7 Rxb7+ 61. Kxb7 c4 62. Kb6 Kd3 63. Rh2 c3 64. Rh3+ Kc4 65. Rh4+ Kb3 66. Rh3 Kb4 67. Rh2 Kb3 68. Rh3 Kb2 69. Rxc3 Kxc3 1/2-1/2

[Event "JUG Ch"]
[Site "Kladovo"]
[Date "1992.??.??"]
[Round "2"]
[White "Nikac, Predrag"]
[Black "Stanojevic, Branko"]
[Result "1/2-1/2"]
[WhiteElo "2300"]
[BlackElo "2395"]
[PlyCount "74"]
[EventDate "1992.12.??"]
[Source "www.chesslib.no"]
[SourceDate "2004.05.04"]

1. e4 e6 2. d4 d5 3. Nc3 Nf6 4. Bg5 Be7 5. e5 Ne4 6. Nxe4 dxe4 7. Be3 c5 8. dxc5 Qc7 9. Qd4 Nd7 10. Qxe4 Nxc5 11. Bxc5 Qxc5 12. O-O-O Rb8 13. Nf3 Bd7 14. Nd4 Bc6 15. Nxc6 bxc6 16. Bc4 O-O 17. f4 Qb4 18. b3 Qa5 19. Kb1 Rfd8 20. Rd3 Rxd3 21. Bxd3 g6 22. Qxc6 Ba3 23. g4 Rd8 24. Qc4 Qd2 25. f5 Qe3 26. Qa6 Qf3 27. Re1 Qf2 28. Rd1 Qf3 29. Rg1 Qf2 30. Rh1 Qf3 31. Re1 Qf2 32. Rd1 Qf3 33. Re1 Qf2 34. Rh1 Qf3 35. Rg1 Qf2 36. Rd1 Qf3 37. Re1 Qf2 1/2-1/2

[Event "CRO-chT2"]
[Site "?"]
[Date "1992.??.??"]
[Round "?"]
[White "Zelic Mladen"]
[Black "Samovojska Damir"]
[Result "1/2-1/2"]
[WhiteElo "2305"]
[BlackElo "2385"]
[PlyCount "37"]
[EventDate "1992.??.??"]
[Source "www.chesslib.no"]
[SourceDate "2004.05.04"]

1. e4 e6 2. d4 d5 3. Nc3 Nf6 4. Bg5 Be7 5. e5 Ne4 6. Bxe7 Qxe7 7. Nxe4 dxe4 8. c3 O-O 9. Bc4 c5 10. Ne2 b6 11. O-O Bb7 12. Ng3 cxd4 13. Qg4 Qc5 14. f4 d3+ 15. Kh1 Kh8 16. f5 exf5 17. Rxf5 Qxc4 18. Rh5 Qe6 19. Nf5 1/2-1/2

[Event "Bayernliga 2004/05"]
[Site "?"]
[Date "2004.10.24"]
[Round "1.1"]
[White "Gross David[75Kötzting"]
[Black "Schmidt Georg"]
[Result "1/2-1/2"]
[WhiteElo "2430"]
[BlackElo "2259"]
[PlyCount "100"]
[EventDate "2004.??.??"]
[Source "www.chesslib.no"]
[SourceDate "2004.05.04"]

1. e4 e6 2. d4 d5 3. Nc3 Nf6 4. Bg5 Be7 5. e5 Ne4 6. Nxe4 Bxg5 7. Nxg5 Qxg5 8. Nf3 Qe7 9. Bd3 c5 10. dxc5 Qxc5 11. O-O Nc6 12. c3 Bd7 13. Re1 a5 14. a4 h6 15. Bc2 Ne7 16. Nd4 Ra6 17. Re3 g6 18. Qf3 Nf5 19. Bxf5 exf5 20. Rd1 Bxa4 21. b3 Bd7 22. c4 dxc4 23. Qxb7 Qa7 24. Qd5 Qa8 25. Qxc4 Qc8 26. Qd3 O-O 27. Qd2 Kg7 28. Rh3 Rh8 29. Rc3 Qb8 30. Qd3 Rb6 31. e6 Bxe6 32. Nc6 Rxc6 33. Rxc6 Bxb3 34. Qd4+ Kh7 35. Rb6 Qxb6 36. Qxb6 Bxd1 37. Qxa5 Bb3 38. h4 Be6 39. h5 gxh5 40. Kh2 Rg8 41. f3 Rc8 42. Qe5 Rc4 43. f4 Re4 44. Qd6 Re3 45. Qd8 Rb3 46. Qf6 Rd3 47. Qe5 Rb3 48. Qe2 Kg6 49. Qd1 Ra3 50. Qd8 Kh7 1/2-1/2

[Event "Stuttgarter Stadtmeisterschaften 2003"]
[Site "?"]
[Date "2003.05.30"]
[Round "3.7"]
[White "Zeller Frank"]
[Black "Schmidt Georg"]
[Result "1/2-1/2"]
[WhiteElo "2427"]
[BlackElo "2250"]
[PlyCount "120"]
[EventDate "2003.??.??"]
[Source "www.chesslib.no"]
[SourceDate "2004.05.04"]

1. e4 e6 2. d4 d5 3. Nc3 Nf6 4. Bg5 Be7 5. e5 Ne4 6. Bxe7 Qxe7 7. Nxe4 dxe4 8. c3 O-O 9. Qc2 f5 10. exf6 Qxf6 11. f3 e5 12. Bc4+ Kh8 13. dxe5 Qxe5 14. Qxe4 Nc6 15. Qxe5 Nxe5 16. Be2 Be6 17. b3 a5 18. O-O-O a4 19. Kb2 Rfd8 20. Nh3 axb3 21. axb3 Bxh3 22. gxh3 g5 23. h4 gxh4 24. f4 Ng6 25. Rhf1 Rxd1 26. Bxd1 Rf8 27. f5 Kg7 28. Bc2 Ne5 29. Rf4 Kf6 30. Rxh4 Rf7 31. Rh6+ Kg5 32. Re6 Ng4 33. Re2 Nh6 34. Rg2+ Kf6 35. Rf2 Ke5 36. Re2+ Kf4 37. Re4+ Kg5 38. h4+ Kf6 39. Re6+ Kg7 40. Re5 Ng4 41. Re6 Kf8 42. b4 Re7 43. Be4 b6 44. Kb3 Rxe6 45. fxe6 Nf6 46. Bf5 Ke7 47. Kc4 Kd6 48. Kd4 c5+ 49. Kc4 h6 50. Kb5 Nd5 51. c4 Nxb4 52. Kxb6 Nc6 53. Bh3 Ne5 54. Kb5 Nc6 55. Bg4 Ne5 56. Bf5 Nc6 57. Kb6 Ne5 58. e7 Nxc4+ 59. Kb5 Kxe7 60. Kxc4 Kf6 1/2-1/2

[Event "ESP Ch"]
[Site "Lleida"]
[Date "1991.??.??"]
[Round "3"]
[White "Fernandez Aguado, Juan Luis"]
[Black "Gaya Yodra, Juan"]
[Result "1-0"]
[WhiteElo "2470"]
[BlackElo "2200"]
[PlyCount "61"]
[EventDate "1991.09.??"]
[Source "www.chesslib.no"]
[SourceDate "2004.05.04"]

1. e4 e6 2. d4 d5 3. Nc3 Nf6 4. Bg5 Be7 5. e5 Ne4 6. Bxe7 Nxc3 7. Qf3 Qxe7 8. Qxc3 O-O 9. Nf3 b6 10. h4 c5 11. O-O-O Ba6 12. Bxa6 Nxa6 13. Kb1 Rac8 14. Ng5 f6 15. Nxh7 Kxh7 16. Qd3+ Kg8 17. Qxa6 fxe5 18. dxe5 c4 19. f3 Rc5 20. Qa3 Qc7 21. Qc3 b5 22. h5 Rf5 23. Rde1 b4 24. Qxb4 d4 25. Qa4 Qb8 26. Qd7 Rfxe5 27. Rxe5 Qxe5 28. Qe8+ Kh7 29. Qg6+ Kg8 30. h6 Rc8 31. hxg7 1-0

[Event "ch-ESP Linares ESP"]
[Site "Linares"]
[Date "1998.??.??"]
[Round "?"]
[White "Martin Gonzalez, An"]
[Black "Olaizola Ortega, L."]
[Result "1-0"]
[WhiteElo "2425"]
[BlackElo "2240"]
[PlyCount "45"]
[EventDate "1998.??.??"]
[Source "www.chesslib.no"]
[SourceDate "2004.05.04"]

1. e4 e6 2. d4 d5 3. Nc3 Nf6 4. Bg5 Be7 5. e5 Ne4 6. Nxe4 Bxg5 7. Nxg5 Qxg5 8. Nf3 Qe7 9. Bd3 Qb4+ 10. Qd2 Qxb2 11. O-O Nc6 12. a3 Qb6 13. Qg5 Nxd4 14. Nxd4 Qxd4 15. Qxg7 Rf8 16. Rab1 b6 17. Rfd1 Qc5 18. c4 Ba6 19. cxd5 Bxd3 20. Rxd3 exd5 21. Qf6 Kd7 22. Rc3 Qa5 23. Qc6+ 1-0

[Event "Son Servera"]
[Site "?"]
[Date "2004.02.23"]
[Round "2.3"]
[White "Barrientos Chavarriaga Sergio"]
[Black "Gaya Yodra Juan"]
[Result "1-0"]
[WhiteElo "2425"]
[BlackElo "2230"]
[PlyCount "65"]
[EventDate "2004.??.??"]
[Source "www.chesslib.no"]
[SourceDate "2004.05.04"]

1. e4 e6 2. d4 d5 3. Nc3 Nf6 4. Bg5 Be7 5. e5 Ne4 6. Bxe7 Nxc3 7. Bxd8 Nxd1 8. Bxc7 Nxb2 9. Rb1 Nc4 10. Bxc4 dxc4 11. Nf3 Nc6 12. c3 Ne7 13. Bd6 Nd5 14. Nd2 b6 15. Ne4 f5 16. exf6 gxf6 17. Kd2 Rg8 18. Bg3 f5 19. Nd6+ Kf8 20. Nxc4 f4 21. Bh4 Rxg2 22. Rbg1 Rxg1 23. Rxg1 Ba6 24. Nd6 b5 25. Re1 Bc8 26. Nxb5 Rb8 27. c4 Nb6 28. Nd6 Ba6 29. Rc1 Nc8 30. Ne4 Rb2+ 31. Kc3 Rxa2 32. Kb3 Re2 33. Nc5 1-0

[Event "Wch U18"]
[Site "Mamaia"]
[Date "1991.??.??"]
[Round "?"]
[White "Zoler, Dan"]
[Black "Webster, Andrew"]
[Result "1-0"]
[WhiteElo "2325"]
[BlackElo "2330"]
[PlyCount "51"]
[EventDate "1991.??.??"]
[Source "www.chesslib.no"]
[SourceDate "2004.05.04"]

1. e4 e6 2. d4 d5 3. Nc3 Nf6 4. Bg5 Be7 5. e5 Ne4 6. Nxe4 dxe4 7. Bxe7 Qxe7 8. Qd2 b6 9. O-O-O Bb7 10. f3 exf3 11. Nxf3 O-O 12. Bd3 c5 13. Rdf1 h6 14. g4 Nc6 15. Rhg1 Rad8 16. g5 h5 17. g6 fxg6 18. Qg2 g5 19. Qh3 Nb4 20. Bh7+ Kxh7 21. Qxh5+ Kg8 22. Nxg5 Rxf1+ 23. Rxf1 Qxg5+ 24. Qxg5 Rxd4 25. Qe7 Bd5 26. Rg1 1-0

[Event "Pan American-ch U20"]
[Site "Macas"]
[Date "2000.07.06"]
[Round "3"]
[White "Felgaer, Ruben"]
[Black "Prasca Sosa, Raphael"]
[Result "1-0"]
[WhiteElo "2390"]
[BlackElo "2256"]
[PlyCount "95"]
[EventDate "2000.07.04"]
[Source "www.chesslib.no"]
[SourceDate "2004.05.04"]

1. e4 e6 2. d4 d5 3. Nc3 Nf6 4. Bg5 Be7 5. e5 Ne4 6. Bxe7 Nxc3 7. Bxd8 Nxd1 8. Bxc7 Nxb2 9. Rb1 Nc4 10. Bxc4 dxc4 11. Nf3 Nc6 12. Bd6 b6 13. Kd2 Bb7 14. Ke3 Rc8 15. Nd2 Ne7 16. Bxe7 Kxe7 17. f3 Bd5 18. a4 f6 19. Rhe1 Rb8 20. Ne4 Rhd8 21. h4 Rb7 22. Nd6 Rxd6 23. exd6+ Kxd6 24. h5 f5 25. Rh1 a6 26. Ra1 Rc7 27. Rh3 Ke7 28. Rb1 Rb7 29. Rb2 Rb8 30. Rh1 Kd6 31. Ke2 Bc6 32. Rhb1 b5 33. Ke3 Rb7 34. Ra2 g5 35. axb5 Bxb5 36. h6 Rf7 37. Raa1 e5 38. Re1 exd4+ 39. Kxd4 Rf6 40. Re5 Kc6 41. Rh1 Kd6 42. Rh5 Bd7 43. Rd5+ Kc6 44. Rc5+ Kd6 45. Kxc4 Be6+ 46. Kd4 g4 47. Ra5 Bc8 48. f4 1-0

[Event "State Ch"]
[Site "?"]
[Date "2004.09.06"]
[Round "6"]
[White "Karklins Andrew"]
[Black "Bonin Jay R"]
[Result "0-1"]
[WhiteElo "2298"]
[BlackElo "2342"]
[PlyCount "76"]
[EventDate "2004.??.??"]
[Source "www.chesslib.no"]
[SourceDate "2004.05.04"]

1. e4 e6 2. d4 d5 3. Nc3 Nf6 4. Bg5 Be7 5. e5 Ne4 6. Nxe4 Bxg5 7. Nxg5 Qxg5 8. Nf3 Qe7 9. Qd2 a5 10. h4 h5 11. Rh3 b6 12. Rg3 f6 13. exf6 gxf6 14. O-O-O Ba6 15. Bxa6 Nxa6 16. Ng1 O-O-O 17. Qe2 Kb7 18. Re3 Rd6 19. Nh3 e5 20. dxe5 fxe5 21. Rxe5 Qxh4 22. Qf3 Qg4 23. Rdxd5 Qxf3 24. gxf3 Rxd5 25. Rxd5 Nb4 26. Rg5 Nxa2+ 27. Kb1 Nb4 28. c3 Nd3 29. Kc2 Ne1+ 30. Kd1 Nxf3 31. Rf5 Rd8+ 32. Ke2 Nd2 33. Rxh5 Nc4 34. b3 Nd2 35. b4 a4 36. Nf4 Nb3 37. Ne6 Re8 38. Re5 a3 0-1

[Event "Tapolca"]
[Site "Tapolca"]
[Date "1989.??.??"]
[Round "?"]
[White "Madl, Ildiko"]
[Black "Samovojska, Damir"]
[Result "1-0"]
[WhiteElo "2270"]
[BlackElo "2365"]
[PlyCount "75"]
[EventDate "1989.??.??"]
[Source "www.chesslib.no"]
[SourceDate "2004.05.04"]

1. e4 e6 2. d4 d5 3. Nc3 Nf6 4. Bg5 Be7 5. e5 Ne4 6. Bxe7 Qxe7 7. Qd3 b6 8. Nxe4 dxe4 9. Qxe4 Qb4+ 10. Kd1 Qxb2 11. Rc1 c6 12. Bc4 Bb7 13. h4 b5 14. Bb3 Nd7 15. c4 bxc4 16. Bxc4 c5 17. Qf4 O-O 18. Ne2 cxd4 19. Rh3 d3 20. Nd4 d2 21. Rc2 Qa1+ 22. Kxd2 Nb6 23. Bd3 Rad8 24. Rg3 g6 25. Nb3 Qb1 26. Nc5 Nd5 27. Qa4 Ba8 28. Rg4 Qg1 29. Ne4 h5 30. Rg3 Nf4 31. Nf6+ Kg7 32. Qxf4 Rh8 33. Rc7 Qa1 34. Rxg6+ Kf8 35. Rxf7+ Kxf7 36. Nd5+ Ke8 37. Rxe6+ Kd7 38. Qf7+ 1-0

[Event "SVK-chT 0102"]
[Site "?"]
[Date "2002.??.??"]
[Round "11"]
[White "Svoboda Svatopluk"]
[Black "Cibulka Vladimir"]
[Result "0-1"]
[WhiteElo "2310"]
[BlackElo "2320"]
[PlyCount "84"]
[EventDate "2002.??.??"]
[Source "www.chesslib.no"]
[SourceDate "2004.05.04"]

1. e4 e6 2. d4 d5 3. Nc3 Nf6 4. Bg5 Be7 5. e5 Ne4 6. Bxe7 Nxc3 7. Bxd8 Nxd1 8. Bxc7 Nxb2 9. Rb1 Nc4 10. Bxc4 dxc4 11. Rb4 Na6 12. Rxc4 b5 13. Rc3 b4 14. Rc5 Nxc5 15. dxc5 Bb7 16. Ne2 O-O 17. Bd6 Rfc8 18. Kd2 Bxg2 19. Ra1 a5 20. Nf4 Be4 21. Rb1 Ra6 22. Rb2 Bf5 23. Ne2 Rac6 24. c3 Rxc5 25. Bxc5 Rxc5 26. cxb4 axb4 27. Rxb4 g5 28. Nc3 Rxe5 29. Rb5 Rxb5 30. Nxb5 Be4 31. Kc3 Kg7 32. Kd4 Bd5 33. a4 Kf6 34. a5 Kf5 35. a6 Kf4 36. Nc7 Be4 37. Ne8 f5 38. Nd6 Ba8 39. Kc5 Kf3 40. Kb6 Kxf2 41. Ka7 Bd5 42. Nb7 Bc4 0-1

[Event "Oberliga Bayern 9495"]
[Site "Bayern"]
[Date "1995.??.??"]
[Round "4"]
[White "Schoellmann, Jochen"]
[Black "Zach, Andreas"]
[Result "1-0"]
[WhiteElo "2385"]
[BlackElo "2245"]
[PlyCount "55"]
[EventDate "1994.10.??"]
[Source "www.chesslib.no"]
[SourceDate "2004.05.04"]

1. e4 e6 2. d4 d5 3. Nc3 Nf6 4. Bg5 Be7 5. e5 Ne4 6. Bxe7 Qxe7 7. Nxe4 dxe4 8. Qe2 b6 9. O-O-O Bb7 10. g3 Nd7 11. Bg2 Qg5+ 12. Kb1 f5 13. exf6 Nxf6 14. f3 O-O 15. fxe4 Qg6 16. Nh3 Qg4 17. Rhe1 Rae8 18. Nf4 Qxe2 19. Rxe2 e5 20. dxe5 Rxe5 21. Rde1 c5 22. Nd3 Rh5 23. e5 Bxg2 24. exf6 Bf3 25. fxg7 Kxg7 26. Re7+ Kf6 27. h4 Kf5 28. Nf4 1-0

[Event "Brasilia BCX Open 6th"]
[Site "?"]
[Date "2002.08.26"]
[Round "2"]
[White "Coelho Luis Henrique"]
[Black "Guimaraes Wagner Peixoto"]
[Result "1-0"]
[WhiteElo "2352"]
[BlackElo "2272"]
[PlyCount "48"]
[EventDate "2002.??.??"]
[Source "www.chesslib.no"]
[SourceDate "2004.05.04"]

1. e4 e6 2. d4 d5 3. Nc3 Nf6 4. Bg5 Be7 5. e5 Ne4 6. Bxe7 Qxe7 7. Nxe4 dxe4 8. Qd2 O-O 9. O-O-O c5 10. Nh3 Nc6 11. Qe3 cxd4 12. Qxe4 Rd8 13. Bd3 g6 14. Qf4 Rd5 15. Rhe1 Ra5 16. Kb1 Bd7 17. Ng5 Nb4 18. Bc4 Nxc2 19. Kxc2 Rc8 20. Rxd4 Rxa2 21. Kb1 Rxb2+ 22. Kxb2 Qb4+ 23. Bb3 Qc3+ 24. Ka2 Be8 1-0

[Event "Baden-Baden tt"]
[Site "Baden-Baden"]
[Date "1999.??.??"]
[Round "3"]
[White "Balzar, Andreas"]
[Black "Zach, Andreas"]
[Result "1-0"]
[WhiteElo "2337"]
[BlackElo "2280"]
[PlyCount "69"]
[EventDate "1999.12.??"]
[Source "ChessBase"]
[SourceDate "2000.01.11"]

1. e4 e6 2. d4 d5 3. Nc3 Nf6 4. Bg5 Be7 5. e5 Ne4 6. Bxe7 Qxe7 7. Nxe4 dxe4 8. Qe2 Bd7 9. O-O-O c5 10. Qxe4 Bc6 11. Qe3 cxd4 12. Rxd4 O-O 13. Nf3 Bxf3 14. gxf3 Nc6 15. Rg4 f5 16. exf6 Qxf6 17. Rhg1 Rf7 18. Re4 Re8 19. f4 Rfe7 20. Bc4 Kh8 21. Re1 e5 22. fxe5 Rxe5 23. f3 Rxe4 24. fxe4 Ne5 25. Bb5 Rc8 26. Rf1 Qg6 27. Qxa7 Qh6+ 28. Kb1 Qxh2 29. Qc5 Rg8 30. a4 g6 31. Qe7 h5 32. Bc4 Rg7 33. Qd8+ Kh7 34. Rf8 g5 35. Rh8+ 1-0